Statistics for Cities by Metro Picture

Click here to take the quiz!

General Stats

  • This quiz has been taken 29 times
  • The average score is 12 of 16

Answer Stats

Answer% Correct
London
100%
New York City
100%
Berlin
100%
Paris
96%
Moscow
96%
Tokyo
91%
Madrid
87%
Delhi
83%
Shanghai
78%
Chicago
65%
Buenos Aires
61%
Pyongyang
61%
Hong Kong
57%
Cairo
43%
Brussels
43%
Athens
35%

Score Distribution

Percentile by Number Answered

Percent of People with Each Score

Your Score History

You have not taken this quiz